| 000 | 00675nam a2200217Ia 4500 | ||
|---|---|---|---|
| 003 | IN-BaIIA | ||
| 008 | 211028s9999 xx 000 0 eng d | ||
| 020 | _a0-7458-0606-6 | ||
| 040 | _cIIA Library | ||
| 080 |
_a523.481 _bMOO |
||
| 100 |
_aMoore, Patrick _93252 |
||
| 245 | 4 |
_aThe planet neptune _cPatrick Moore |
|
| 260 |
_aEngland _bEllis Horwood _c1988 |
||
| 300 | _a144p. | ||
| 490 | _athe Ellis Horwood library of space science and space technol | ||
| 650 | _aAstronomy and astrophysics thesaurus | ||
| 650 |
_aJoint planets _916187 |
||
| 650 |
_aOuter planets _911188 |
||
| 650 |
_aPlanet neptune _916188 |
||
| 942 | _cBK | ||
| 999 |
_c9603 _d9603 |
||